00398 a2200121 4500001001000000005001700010008004100027245008900068100002000157700002500177773005700202999001700259ART_4201020260410161815.0260409a 10aAportes para la postergada deconstrucción de la enseñanza del derecho de familia1 aHerrera, Marisa1 aSpaventa, Verónica0 tAcademiag- Año 4, Nº 7 (ene./jun. 2006)wREV4314 c21800d21800